000 03254cam a2200373 i 4500
001 a45338344
003 SIRSI
005 20251029180536.0
008 240119s2024 nyua e b 001 f eng
010 _a 2024000802
020 _a9780593497210
035 _a(OCoLC)1412197648
040 _cTBS
041 _aeng
042 _apcc
050 0 0 _aPS3566.I372
_bB9 2024
100 _aPicoult, Jodi
_d1966-
_eauthor
_924079
245 1 0 _aBy any other name
_c/ Jodi Picoult.
250 _aFirst edition.
260 _aNew York, NY :
_bBallantine Books,
_c2024.
300 _a525 pages :
_billustrations ;
_c25 cm
500 _aIncludes an author's note (pages 485-498) and Shakespearean references (pages 501-521).
504 _aIncludes bibliographical references (pages 501-525).
520 _aA captivating novel about two women, centuries apart, fighting to be heard -- one of whom may be the real author of Shakespeare's plays -- from the New York Times bestselling author of Wish You Were Here. As an undergraduate, Melina Green had a rare opportunity to have one of her first plays judged by famous theater critic Jasper Tolle, only to be publicly humiliated by a harsh and biased critique. Ten years later, her confidence as a playwright has never recovered, although she has just completed a work that she thinks is her best yet. It is based on the life of her ancestor Emilia Bassano, the first published female poet in England -- and rumored to be the "Dark Lady" of Shakespeare's sonnets -- but whom some scholars suspect may be the real author of a number of his plays. Melina wonders if she dares risk failure again, and then her best friend takes the decision out of her hands and submits it to a festival under a male pseudonym. In 1581, the young orphan Emilia Bassano is being raised in the ways of English aristocracy by the Baron Willoughby and his sister. Her lessons on languages, reading, and writing have endowed her with a sharp wit and a gift for storytelling. But like most women of her day, she has no control over her fate, and is ripped from her old life and forced to become a courtesan to Lord Hunsdon, a man knighted by Queen Elizabeth as the Lord Chamberlain in charge of all theater in London. Though she has no other freedoms, and inspired by the work of the most brilliant playwrights of the time, she pseudonymously sets her own pen to paper to tell a story. Told in dual intertwining timelines, this sweeping tale of ambition, courage, and desire centers two women who are determined to create something beautiful despite the prejudices they face. As Emilia alters the course of her life and therefore the course of the world, she blazes a trail. Centuries later, will Melina face the same terrible fate -- to have her work celebrated, but only at the price of letting another take credit?
600 0 _aShakespeare, William
_d1564-1616
_vFiction
_926383
600 0 _aLanyer, Aemilia
_vFiction
_926384
650 0 _aWomen dramatists
_vFiction
_926385
650 0 _aWomen
_xSocial conditions
_y16th century
_vFiction
_926386
650 0 _aPlaywriting
_vFiction
_923616
650 0 _aTheaters
_vFiction
_926387
655 0 _aBiographical fiction
_923613
655 0 _aHistorical fiction
_922722
942 _2lcc
999 _c5124
_d5124